[Event "Women's Speed Chess Q2"]
[Site "chess.com INT"]
[Date "2020.06.19"]
[Round "10"]
[White "Yip, Carissa"]
[Black "Khomeriki, Nino"]
[Result "0-1"]
[WhiteTitle "IM"]
[BlackTitle "WGM"]
[WhiteElo "2420"]
[BlackElo "2319"]
[WhiteFideId "2090732"]
[BlackFideId "13603191"]
[EventDate "2020.06.19"]

1. e4 e5 2. Nc3 Nc6 3. f4 Nd4 4. fxe5 d6 5. Bc4 dxe5 6. d3 Bc5 7. Nf3 Nf6 8.
Nxe5 O-O 9. Bg5 h6 10. Bh4 Qd6 11. Bg3 Qe7 12. Ng6 Qd8 13. Nxf8 Bg4 14. Qd2 Qxf8
15. Bf2 Rd8 16. O-O c6 17. a3 a6 18. Rae1 Nd7 19. e5 b5 20. Ba2 Ne6 21. Bxc5
Ndxc5 22. Qf2 Qe7 23. h3 Bh5 24. Ne4 Nxe4 25. Rxe4 Bg6 26. Re3 Kh7 27. Rfe1 Nd4
28. Bb1 c5 29. c3 Ne6 30. Rf3 Qc7 31. Rd1 Ng5 32. Re3 Ne6 33. Rf1 Rd7 34. Kh1
Qb7 35. d4 cxd4 36. cxd4 Rxd4 37. Bxg6+ fxg6 38. Qf7 Qd5 39. Rg3 g5 40. Qf5+ Kh8
41. Rgf3 Qd7 42. Qg6 Rf4 43. Rxf4 gxf4 44. Qf5 Qd5 45. Re1 a5 46. Rc1 Qd7 47.
Rf1 Qd5 48. Kh2 a4 49. Rf3 Kg8 50. Rd3 Qc4 51. Rd6 Nf8 52. Rd8 Qc5 53. Qxf8+
Qxf8 54. Rxf8+ Kxf8 55. Kg1 Ke7 56. Kf2 Ke6 57. Kf3 Kxe5 58. Kg4 Ke4 59. h4 g6
60. h5 gxh5+ 61. Kxh5 f3 62. gxf3+ Kxf3 63. Kxh6 Ke3 64. Kg5 Kd3 65. Kf5 Kc2 66.
Ke5 Kxb2 67. Kd5 Kxa3 68. Kc5 0-1

[Event "Women's Speed Chess Q2"]
[Site "chess.com INT"]
[Date "2020.06.19"]
[Round "10"]
[White "Bodnaruk, Anastasia"]
[Black "Nandhidhaa, P V"]
[Result "1-0"]
[WhiteTitle "IM"]
[BlackTitle "WGM"]
[WhiteElo "2411"]
[BlackElo "2365"]
[WhiteFideId "4181751"]
[BlackFideId "5050847"]
[EventDate "2020.06.19"]

1. e4 c5 2. Nc3 e6 3. Nf3 Nc6 4. d4 cxd4 5. Nxd4 Qc7 6. Be2 a6 7. Be3 Nf6 8. O-O
Be7 9. f4 d6 10. Kh1 O-O 11. Qe1 Nxd4 12. Bxd4 b5 13. a3 Bb7 14. Qg3 Rad8 15.
Bd3 Rd7 16. Rae1 Re8 17. Re2 Nh5 18. Qh3 g6 19. f5 e5 20. Be3 Bf8 21. Ref2 Qd8
22. f6 d5 23. exd5 Bxd5 24. Nxd5 Rxd5 25. Qh4 Bc5 26. Bxc5 Rxc5 27. Qg5 Qd6 28.
Be4 Rc4 29. Bd3 Rd4 30. Re2 e4 31. Re3 Re5 32. Qh6 exd3 33. Rh3 Qf8 34. Qd2 Rde4
35. cxd3 Re2 36. Qc3 Re6 37. Rhf3 Qe8 38. g4 Re1 39. gxh5 Rxf1+ 40. Rxf1 Qa8+
41. Kg1 Re2 42. Rf2 Rxf2 43. Kxf2 Qa7+ 44. d4 Qd7 45. Qe3 Qf5+ 46. Qf3 Qc2+ 47.
Kg3 Qc7+ 48. Qf4 Qc8 49. Qh6 Qf8 50. Qxf8+ Kxf8 51. hxg6 hxg6 52. Kf4 Ke8 53.
Ke5 Kd7 54. Kd5 1-0

[Event "Women's Speed Chess Q2"]
[Site "chess.com INT"]
[Date "2020.06.19"]
[Round "10"]
[White "Munkhzul, Turmunkh"]
[Black "Charochkina, Daria"]
[Result "1-0"]
[WhiteTitle "WIM"]
[BlackTitle "IM"]
[WhiteElo "2278"]
[BlackElo "2356"]
[WhiteFideId "4901878"]
[BlackFideId "4180917"]
[EventDate "2020.06.19"]

1. e4 c5 2. Nf3 e6 3. d4 cxd4 4. Nxd4 a6 5. Bd3 g6 6. O-O Bg7 7. Be3 Ne7 8. c4
O-O 9. Nc3 Nbc6 10. Be2 Qc7 11. Rc1 b6 12. Qd2 Bb7 13. Rfd1 Rfd8 14. Nb3 Rac8
15. Bf4 Ne5 16. f3 d6 17. Be3 N7c6 18. Bf1 Na5 19. Nxa5 bxa5 20. b3 Bc6 21. Qf2
Nd7 22. Nd5 Bxd5 23. cxd5 Nc5 24. Bxa6 Ra8 25. Bc4 e5 26. Bb5 Bf8 27. Bc6 Rab8
28. Bxc5 dxc5 29. Qe2 Rb4 30. Bb5 Rd4 31. Bc4 Bd6 32. a4 Kg7 33. Qe3 Qe7 34. Rf1
f5 35. Rcd1 Rf8 36. Rde1 Qh4 37. Qf2 Qg5 38. Qg3 Qf6 39. exf5 Qxf5 40. Re4 Rxe4
41. Bd3 Qf4 42. Bxe4 Qe3+ 43. Qf2 Qc3 44. Qc2 Qe3+ 45. Kh1 Rf4 46. Qd3 Qxd3 47.
Bxd3 Rd4 48. Bc4 Rd2 49. Re1 Kf6 50. Kg1 Rb2 51. Kf1 h5 52. Re2 Rxe2 53. Kxe2 g5
54. Bd3 g4 55. fxg4 hxg4 56. g3 Kg5 57. Be4 Bc7 58. Kd3 Bd6 59. Kc4 Kf6 60. Kb5
Bc7 61. Kc6 Bd8 62. Kd7 Be7 63. d6 Bf8 64. Kc7 1-0

[Event "Women's Speed Chess Q2"]
[Site "chess.com INT"]
[Date "2020.06.19"]
[Round "10"]
[White "Pham, Bich Ngoc"]
[Black "Buksa, Nataliya"]
[Result "1-0"]
[WhiteTitle "WIM"]
[BlackTitle "IM"]
[WhiteElo "2235"]
[BlackElo "2410"]
[WhiteFideId "12401285"]
[BlackFideId "14123622"]
[EventDate "2020.06.19"]

1. g3 d5 2. Bg2 Nf6 3. f4 e6 4. Nf3 b6 5. d3 Bb7 6. O-O Nbd7 7. Nc3 Bd6 8. Re1
a6 9. e4 dxe4 10. dxe4 e5 11. f5 Nc5 12. Bg5 h6 13. Bxf6 Qxf6 14. Nd5 Bxd5 15.
Qxd5 O-O 16. b4 Na4 17. Qb3 b5 18. c4 c5 19. a3 Nb6 20. cxb5 axb5 21. bxc5 Bxc5+
22. Kh1 Na4 23. Qxb5 Rfb8 24. Qc4 Bf2 25. Re2 Rc8 26. Qd5 Nc3 27. Qd3 Nxe2 28.
Qxe2 Bd4 29. Nxd4 exd4 30. e5 Qxf5 31. Bxa8 Rxa8 32. Rd1 Ra4 33. Rd3 Rc4 34. Kg2
Qc8 35. Rd2 Qc5 36. Qe4 Ra4 37. e6 fxe6 38. Qxe6+ Kh7 39. Qe4+ Kg8 40. Qe6+ Kh7
41. Qe4+ g6 42. Rf2 Ra7 43. a4 Re7 44. Qa8 Qe5 45. a5 d3 46. a6 Qe4+ 47. Qxe4
Rxe4 48. Rd2 Ra4 49. Rxd3 Rxa6 50. Rd7+ Kg8 51. Kh3 Rb6 52. Kg4 Kf8 53. h4 Kg8
54. Kf4 Ra6 55. Ke5 Ra3 56. g4 Ra4 57. g5 hxg5 58. hxg5 Ra6 59. Rd6 Rxd6 60.
Kxd6 Kf7 61. Kd7 Kf8 62. Ke6 Kg7 63. Ke7 Kg8 64. Kf6 Kh7 65. Kf7 Kh8 66. Kxg6
Kg8 67. Kf6 Kh8 68. Kf7 Kh7 69. g6+ Kh6 70. g7 Kg5 71. g8=Q+ Kf5 72. Qg6+ 1-0

[Event "Women's Speed Chess Q2"]
[Site "chess.com INT"]
[Date "2020.06.19"]
[Round "10"]
[White "Protopopova, Anastasiya"]
[Black "Bogumil, Tatiana"]
[Result "1-0"]
[WhiteTitle "WFM"]
[BlackTitle "WGM"]
[WhiteElo "2192"]
[BlackElo "2182"]
[WhiteFideId "24172073"]
[BlackFideId "4110579"]
[EventDate "2020.06.19"]

1. d4 Nf6 2. c4 c5 3. d5 b5 4. cxb5 a6 5. e3 axb5 6. Bxb5 Qa5+ 7. Nc3 Ba6 8.
Bxa6 Nxa6 9. Ne2 g6 10. O-O d6 11. e4 Nd7 12. f4 Bg7 13. Be3 O-O 14. Qd2 Rfb8
15. a4 Qb4 16. Rfb1 Nb6 17. b3 Nd7 18. Ra2 Qa5 19. Rab2 Nb4 20. Rf1 Qa6 21. Rbb1
Qd3 22. Qxd3 Nxd3 23. Rfd1 Nb4 24. Nb5 Rb7 25. g4 h6 26. Kf2 Nb8 27. h4 N8a6 28.
h5 Nc7 29. Nxc7 Rxc7 30. hxg6 fxg6 31. f5 g5 32. Ng1 Na2 33. Bd2 Rb7 34. Be1
Rab8 35. Nf3 Rxb3 36. Rxb3 Rxb3 37. a5 Nb4 38. e5 dxe5 39. Bxb4 Rxb4 40. Re1 e4
41. Nd2 Bd4+ 42. Kg2 e3 43. Nf1 Ra4 44. Nxe3 Rxa5 45. Nc4 Ra2+ 46. Kf3 Rc2 47.
Nb6 Kf7 48. Re6 Rc3+ 49. Kg2 Rc2+ 50. Kh3 Rc3+ 51. Kg2 Bf6 52. Nd7 Rd3 53. Nxf6
exf6 54. d6 c4 55. Re7+ Kf8 56. Rc7 Rxd6 57. Rxc4 1-0

[Event "Women's Speed Chess Q2"]
[Site "chess.com INT"]
[Date "2020.06.19"]
[Round "10"]
[White "Socko, Monika"]
[Black "Karnaukhova, Elmira"]
[Result "1-0"]
[WhiteTitle "GM"]
[BlackTitle "WGM"]
[WhiteElo "2428"]
[BlackElo "2319"]
[WhiteFideId "1106619"]
[BlackFideId "4148827"]
[EventDate "2020.06.19"]

1. d4 Nf6 2. c4 c5 3. d5 b5 4. cxb5 a6 5. e3 axb5 6. Bxb5 Bb7 7. Nc3 e6 8. e4
Qa5 9. Bd2 Nxe4 10. Bxd7+ Nxd7 11. Nxe4 Qa4 12. Qxa4 Rxa4 13. Nc3 Rb4 14. O-O-O
exd5 15. Nf3 Rb6 16. Rhe1+ Re6 17. Ng5 Re7 18. Nb5 f6 19. Nd6+ Kd8 20. Ngf7+ Kc7
21. Ne8+ Rxe8 22. Rxe8 Rg8 23. Bf4+ Kb6 24. Bd6 d4 25. b4 Kc6 26. bxc5 Kd5 27.
Kc2 Bc6 28. Rb1 Nxc5 29. Rxf8 Ba4+ 30. Kc1 Nd3+ 31. Kd2 Rxf8 32. Bxf8 Nxf2 33.
Nd6 g5 34. Rb4 Bc6 35. Ke2 Ng4 36. h3 Ne5 37. Nf5 Ke4 38. Ng3+ Kd5 39. Kd2 h6
40. Ne2 f5 41. Rxd4+ Ke6 42. Nc3 Bxg2 43. Bxh6 Nf3+ 44. Ke3 Nxd4 45. Kxd4 Bxh3
46. Bxg5 Bf1 47. Bf4 Ba6 48. a4 Bb7 49. Kc5 Kd7 50. a5 Ke6 51. Kb6 Bc8 52. Kc7
Ba6 53. Na4 Kd5 54. Kb6 Bc4 55. Nc5 Kd4 56. Bh6 Kd5 57. Nb7 Ke4 58. Nd6+ Kd5 59.
Nxc4 Kxc4 60. a6 1-0

[Event "Women's Speed Chess Q2"]
[Site "chess.com INT"]
[Date "2020.06.19"]
[Round "10"]
[White "Hng, Mei-En Emmanuelle"]
[Black "Yakimova, Mariya"]
[Result "1-0"]
[WhiteTitle "WFM"]
[BlackTitle "WFM"]
[WhiteElo "2029"]
[BlackElo "2269"]
[WhiteFideId "5804566"]
[BlackFideId "34188859"]
[EventDate "2020.06.19"]

1. e4 c5 2. d4 cxd4 3. c3 dxc3 4. Nxc3 Nc6 5. Bc4 Nf6 6. Nf3 e6 7. Qe2 d6 8. O-O
Be7 9. Rd1 e5 10. h3 O-O 11. b4 a6 12. a3 h6 13. Qa2 Nh5 14. Be3 Nf4 15. Bxf4
exf4 16. Rac1 Bf6 17. Ne2 Qe7 18. Bd5 Be5 19. Ned4 Nxd4 20. Nxd4 Qf6 21. Nf3 Be6
22. Bxe6 fxe6 23. Rc7 b5 24. Rdc1 d5 25. R7c6 Rfd8 26. exd5 Rxd5 27. Qe2 a5 28.
Qe4 axb4 29. axb4 Re8 30. Rc8 Rxc8 31. Rxc8+ Kf7 32. Ra8 Bd4 33. Ra7+ Bxa7 34.
Kh2 Qf5 35. Qe2 Kg6 36. Nh4+ Kf6 37. Nxf5 Kxf5 38. Qg4+ Kf6 39. Qxf4+ Rf5 40.
Qe4 Bxf2 41. g4 Re5 42. Qb7 Re2 43. Kh1 Re1+ 44. Kg2 Bh4 45. Qf3+ Kg6 46. Qb7
Re2+ 47. Kf3 Rf2+ 48. Ke4 Rh2 49. Qxb5 Rxh3 50. Qh5+ Kf6 51. Qe8 Rg3 52. Qf8+
Kg6 53. Qe8+ Kf6 54. Qf8+ Kg6 55. Qe8+ Kh7 56. Qxe6 Bg5 57. Qf5+ Kg8 58. Kd5 Rg1
59. Kc6 Rd1 60. b5 Rc1+ 61. Kb7 Rb1 62. Qxb1 1-0

[Event "Women's Speed Chess Q2"]
[Site "chess.com INT"]
[Date "2020.06.19"]
[Round "10"]
[White "Danielian, Elina"]
[Black "Osmak, Iulija"]
[Result "1/2-1/2"]
[WhiteTitle "GM"]
[BlackTitle "IM"]
[WhiteElo "2407"]
[BlackElo "2438"]
[WhiteFideId "13300210"]
[BlackFideId "14101602"]
[EventDate "2020.06.19"]

1. d4 e6 2. Nf3 f5 3. Nc3 Nf6 4. Bg5 Be7 5. Bxf6 Bxf6 6. e4 fxe4 7. Nxe4 O-O 8.
Bd3 Nc6 9. c3 d5 10. Nxf6+ Qxf6 11. Qe2 Bd7 12. O-O Be8 13. Rae1 Bh5 14. Qxe6+
Qxe6 15. Rxe6 Bxf3 16. gxf3 Rxf3 17. Bb5 Nd8 18. Re8+ Rf8 19. Rfe1 c6 20. Bf1
Nf7 21. Rxa8 Rxa8 22. Re7 Rb8 23. Rd7 Ng5 24. Kg2 Ne4 25. f3 Nf6 26. Rc7 Ne8 27.
Re7 Kf8 28. Re1 Nf6 29. Bd3 Re8 30. Re5 Kf7 31. Kg3 h6 32. h4 Re7 33. c4 dxc4
34. Bxc4+ Kf8 35. Kf4 Rd7 36. Ke3 Re7 37. Kd3 Nd7 38. Re4 Nf6 39. Re5 Nd7 40.
Re4 Nf6 41. Rf4 Ke8 42. a3 Kd7 43. Rf5 Kd6 44. f4 b6 45. Re5 Nd7 46. Rf5 Nf6 47.
Re5 Ng4 48. Rf5 Ne3 49. Rf8 Nxc4 50. Kxc4 Ke6 51. Rc8 Kd6 52. Rg8 Rf7 53. h5
Rxf4 54. Rxg7 Rf6 55. Rxa7 Rf5 56. a4 Rxh5 57. Ra6 Kc7 58. Ra7+ Kd6 59. Rh7 Rh1
60. b4 h5 61. Rh6+ Kc7 62. a5 bxa5 63. bxa5 h4 64. Kb3 h3 65. Kb2 h2 66. Ka2 Kb7
67. a6+ Kxa6 68. Rxc6+ Kb5 69. Rh6 Kc4 70. Rh4 Kd5 71. Kb2 Kc4 72. Ka2 Kd5 73.
Kb2 Kd6 74. Ka2 Kd5 1/2-1/2

[Event "Women's Speed Chess Q2"]
[Site "chess.com INT"]
[Date "2020.06.19"]
[Round "10"]
[White "Munkhzul, Davaakhuu"]
[Black "Zavivaeva, Emilia"]
[Result "1-0"]
[WhiteTitle "WFM"]
[BlackTitle "WCM"]
[WhiteElo "1991"]
[BlackElo "1735"]
[WhiteFideId "4902815"]
[BlackFideId "34127531"]
[EventDate "2020.06.19"]

1. e4 c5 2. Nf3 Nc6 3. d4 cxd4 4. Nxd4 Nf6 5. Nc3 e5 6. Ndb5 d6 7. Nd5 Nxd5 8.
exd5 Ne7 9. c4 Nf5 10. Be2 Bd7 11. Nc3 Be7 12. O-O O-O 13. b4 Rc8 14. a3 Nd4 15.
Be3 Nxe2+ 16. Qxe2 f5 17. f3 Bf6 18. Rac1 b6 19. Rfd1 Rc7 20. a4 Bg5 21. Bxg5
Qxg5 22. a5 bxa5 23. bxa5 Rc5 24. Rb1 Rxa5 25. Rb7 Bc8 26. Rc7 Qd8 27. Nb5 Rxb5
28. Rxc8 Qb6+ 29. Kh1 Rxc8 30. cxb5 Rc5 31. Rb1 a6 32. Qd3 Rxb5 33. Ra1 g6 34.
h3 Kf7 35. Rc1 Rc5 36. Ra1 Ke7 37. Rxa6 Qb7 38. Qa3 Kf6 39. Ra7 Qxd5 40. Rxh7
Rc1+ 41. Kh2 Qc5 42. Qxc5 Rxc5 43. Rd7 Rc6 44. h4 Ke6 45. Rd8 d5 46. g4 fxg4 47.
fxg4 d4 48. h5 gxh5 49. gxh5 Rd6 50. Rxd6+ Kxd6 51. h6 d3 52. h7 d2 53. h8=Q
d1=Q 54. Qd8+ Ke6 55. Qxd1 Kf5 56. Qe2 Ke6 57. Kg3 Kd5 58. Kf3 Ke6 59. Qe4 Kd6
60. Kg4 Kd7 61. Kf5 Kd6 62. Qxe5+ Kc6 63. Ke6 Kb6 64. Qd5 Ka7 65. Qc6 Kb8 66.
Qd7 Ka8 67. Kd6 Kb8 68. Kc6 Ka8 69. Qb7# 1-0

[Event "Women's Speed Chess Q2"]
[Site "chess.com INT"]
[Date "2020.06.19"]
[Round "10"]
[White "Swati, Mohota"]
[Black "Sakorenko, Adriana"]
[Result "0-1"]
[WhiteTitle "WFM"]
[BlackTitle "WFM"]
[WhiteElo "2027"]
[BlackElo "2216"]
[WhiteFideId "5006511"]
[BlackFideId "34130249"]
[EventDate "2020.06.19"]

1. d4 c6 2. c4 d5 3. Nf3 Nf6 4. e3 Bg4 5. Be2 e6 6. Nbd2 Nbd7 7. O-O Bd6 8. b3
a5 9. Bb2 a4 10. Ne5 Bxe2 11. Qxe2 O-O 12. f4 Bb4 13. Ndf3 Ne4 14. Rac1 axb3 15.
axb3 f6 16. Nd3 Be7 17. Ra1 Qb6 18. Qc2 Rfb8 19. Rxa8 Rxa8 20. Ra1 Rxa1+ 21.
Bxa1 Qa6 22. Bb2 Qa2 23. Nc1 Qa5 24. Nd3 Nb8 25. c5 Na6 26. g3 Bd8 27. Kg2 h5
28. h4 Qa2 29. Nc1 Nb4 30. Nxa2 Nxc2 31. Bc1 g5 32. hxg5 fxg5 33. fxg5 Nxg5 34.
Nxg5 Bxg5 35. Kf3 Na1 36. b4 Nb3 37. Bb2 Nd2+ 38. Ke2 Ne4 39. Kf3 Nd2+ 40. Ke2
Nc4 41. Bc1 e5 42. Nc3 exd4 43. Na4 dxe3 44. Nc3 Kf7 45. b5 Ke6 46. bxc6 bxc6
47. Nd1 d4 48. Kd3 Kd5 49. Nb2 Ne5+ 50. Ke2 Ke4 51. Nd1 d3+ 52. Ke1 Nf3+ 53. Kf1
e2+ 54. Kf2 exd1=Q 55. Bxg5 Qg1# 0-1

[Event "Women's Speed Chess Q2"]
[Site "chess.com INT"]
[Date "2020.06.19"]
[Round "10"]
[White "Lesbekova, Asel"]
[Black "Mamedjarova, Zeinab"]
[Result "0-1"]
[WhiteTitle "WCM"]
[BlackTitle "WGM"]
[WhiteElo "1920"]
[BlackElo "2274"]
[WhiteFideId "13713248"]
[BlackFideId "13401521"]
[EventDate "2020.06.19"]

1. e4 e5 2. Nf3 Nf6 3. Nxe5 d6 4. Nf3 Nxe4 5. Nc3 Nxc3 6. dxc3 Nc6 7. Bf4 Be6 8.
Qd2 Qd7 9. O-O-O O-O-O 10. Nd4 Bd5 11. f3 f6 12. Bb5 Qf7 13. Nxc6 Bxc6 14. Bxc6
bxc6 15. b3 d5 16. Qd4 Ba3+ 17. Kb1 Kb7 18. Qa4 Bc5 19. Rd3 Rhe8 20. Rd2 h5 21.
Rhd1 g5 22. Bg3 f5 23. h3 f4 24. Bf2 Bb6 25. Bxb6 axb6 26. c4 d4 27. Qa3 c5 28.
Qb2 Rd6 29. c3 dxc3 30. Qxc3 Re3 31. Qc2 Rxd2 32. Qxd2 Qf5+ 33. Qc2 Qe5 34. Rd5
Re1+ 35. Rd1 Re2 36. Rd2 Re1+ 37. Rd1 Re3 38. Rd5 Qe6 39. Rd1 g4 40. hxg4 hxg4
41. fxg4 Qxg4 42. a3 f3 43. gxf3 Qxf3 44. Ka2 Re2 45. Rd2 Re1 46. Qd3 Qf6 47.
Qd5+ Ka7 48. Rd1 Re2+ 49. Rd2 Re1 50. Rd1 Qf2+ 51. Kb1 Re2 52. Qd3 Rb2+ 53. Kc1
Ra2 54. Qc3 Rxa3 55. Qb2 Qf4+ 56. Kb1 Ra5 57. Rc1 Kb7 58. Qc2 b5 59. cxb5 Rxb5
60. Qc4 Qf5+ 61. Kb2 Kb6 62. Rc2 Qe5+ 63. Qc3 Qe4 64. Qc4 Qe7 65. Qc3 Rb4 66.
Qd2 c4 67. Qc3 Rxb3+ 68. Qxb3+ cxb3 0-1

[Event "Women's Speed Chess Q2"]
[Site "chess.com INT"]
[Date "2020.06.19"]
[Round "10"]
[White "Priyanka, K"]
[Black "Shvedova, Alexandra"]
[Result "1/2-1/2"]
[WhiteTitle "WIM"]
[BlackTitle "WFM"]
[WhiteElo "2218"]
[BlackElo "1994"]
[WhiteFideId "5082986"]
[BlackFideId "54154782"]
[EventDate "2020.06.19"]

1. e4 e5 2. Nf3 Nc6 3. Bb5 Nf6 4. d3 d6 5. c3 g6 6. O-O Bg7 7. Re1 O-O 8. d4 Bg4
9. d5 Ne7 10. h3 Bd7 11. Bf1 Ne8 12. a4 f5 13. Ng5 f4 14. b4 h6 15. Ne6 Bxe6 16.
dxe6 g5 17. h4 Ng6 18. hxg5 Qxg5 19. f3 Nh4 20. Ra2 Rf6 21. g4 Rg6 22. Kf2 h5
23. Bh3 Nxf3 24. Qxf3 hxg4 25. Bxg4 Qxg4 26. Qxg4 Rxg4 27. Nd2 Rg6 28. Rg1 Rxe6
29. Nf3 Rh6 30. Kf1 Rh3 31. Rf2 Nf6 32. Ng5 Rxc3 33. Bd2 Rg3 34. Rxg3 fxg3 35.
Rf3 Nh5 36. Kg2 Bh6 37. Be3 a5 38. b5 c6 39. bxc6 bxc6 40. Ne6 Bxe3 41. Rxe3 Rb8
42. Rc3 Rb2+ 43. Kg1 d5 44. exd5 cxd5 45. Rc5 Rd2 46. Rxa5 e4 47. Ra8+ Kf7 48.
Nd8+ Ke7 49. Nc6+ Kd6 50. Rc8 e3 51. Nb4 e2 52. Rd8+ Kc7 53. Re8 Rd1+ 54. Kg2
e1=Q 55. Nxd5+ Kd6 56. Rxe1 Rxe1 57. Nc3 Rc1 58. Ne4+ Ke5 59. Nxg3 Rc2+ 60. Kf3
Rc3+ 61. Kg4 Nxg3 62. a5 Ne4 63. a6 Ra3 64. a7 Ra6 65. Kh4 Rxa7 66. Kh5 Kf5 67.
Kh6 Ng3 1/2-1/2

[Event "Women's Speed Chess Q2"]
[Site "chess.com INT"]
[Date "2020.06.19"]
[Round "10"]
[White "Tania, Sachdev"]
[Black "Dwilewicz, Katarzyna"]
[Result "0-1"]
[WhiteTitle "IM"]
[BlackTitle "WFM"]
[WhiteElo "2392"]
[BlackElo "2120"]
[WhiteFideId "5007844"]
[BlackFideId "1148486"]
[EventDate "2020.06.19"]

1. d4 Nf6 2. c4 e6 3. Nf3 d5 4. Nc3 c6 5. g3 Nbd7 6. Bg2 Bd6 7. O-O O-O 8. Qd3
Re8 9. e4 dxe4 10. Nxe4 Nxe4 11. Qxe4 h6 12. Ne5 Nxe5 13. dxe5 Bc5 14. Be3 Qb6
15. Bxc5 Qxc5 16. Rfd1 a5 17. a3 a4 18. Rd2 Ra5 19. Re1 Qb6 20. Qd4 Qxd4 21.
Rxd4 Kf8 22. f4 Ke7 23. Red1 f6 24. exf6+ gxf6 25. Kf2 Rc5 26. Bf1 h5 27. h4 Rf8
28. Be2 e5 29. Re4 Bf5 30. Re3 Bg4 31. Bxg4 hxg4 32. Red3 Rxc4 33. Rd7+ Ke6 34.
R1d6+ Kf5 35. fxe5 fxe5 36. Ke3 Re4+ 37. Kd3 Re1 38. Kd2 Rb1 39. Kc2 Rg1 40. Rd3
Ke4 41. Kc3 Rf3 42. h5 Rgxg3 43. Rxf3 Rxf3+ 44. Kc4 g3 45. h6 g2 46. Rg7 Rh3 47.
Rxg2 Rxh6 48. Re2+ Kf5 49. Kb4 Rh4+ 50. Kc5 e4 51. Kb6 Ke5 52. Kxb7 Rh6 53. Kb6
Kd4 54. Ka5 Kd3 55. Rg2 e3 56. Kxa4 e2 57. Rg1 Kd2 58. Rg2 Kd1 59. Rg1+ e1=Q 60.
Rxe1+ Kxe1 61. Kb4 Kd2 62. a4 Kc2 63. a5 Kxb2 64. a6 c5+ 65. Kb5 c4 66. a7 Rh8
67. Kxc4 Ra8 68. Kb5 Rxa7 69. Kb6 Rh7 70. Kc6 Kc3 71. Kc5 Rh5+ 72. Kd6 Kd4 73.
Ke6 Ra5 74. Kd6 Rb5 75. Ke6 Rh5 76. Kf6 Rh6+ 77. Kg5 Re6 78. Kf5 Re8 79. Kf6 Kd5
80. Kf7 Re1 81. Kf6 Re2 82. Kf5 Rf2+ 83. Kg4 Rf8 84. Kg3 Ke4 85. Kg4 Rg8+ 86.
Kh5 Kf5 87. Kh4 Rg7 88. Kh3 Kf4 89. Kh2 Kf3 0-1

[Event "Women's Speed Chess Q2"]
[Site "chess.com INT"]
[Date "2020.06.19"]
[Round "10"]
[White "Gevorgyan, Maria"]
[Black "Sargsyan, Anna M."]
[Result "0-1"]
[WhiteTitle "WGM"]
[BlackTitle "WGM"]
[WhiteElo "2228"]
[BlackElo "2405"]
[WhiteFideId "13300270"]
[BlackFideId "13308130"]
[EventDate "2020.06.19"]

1. e4 c6 2. d4 d5 3. e5 Bf5 4. h4 h6 5. g4 Bd7 6. f4 e6 7. Nf3 c5 8. c3 Nc6 9.
Be3 cxd4 10. cxd4 Qb6 11. Rh2 h5 12. gxh5 Nh6 13. Bh3 Ne7 14. Nc3 Nef5 15. Bg1
Be7 16. Rc1 Nxh4 17. Nxd5 exd5 18. Bxd7+ Kxd7 19. Qa4+ Ke6 20. Nxh4 Bxh4+ 21.
Rxh4 Rac8 22. Rc2 Nf5 23. Rh3 Rxc2 24. Qxc2 Qa5+ 25. Kf1 Rd8 26. Rb3 Rd7 27. a3
Rc7 28. Rc3 Rxc3 29. Qxc3 Qxc3 30. bxc3 Ng3+ 31. Kg2 Nxh5 32. Kf3 Kf5 33. Be3 g6
34. a4 Ng7 35. Bc1 Ne6 36. a5 Nd8 37. Ba3 Nc6 38. Bc5 Nxa5 39. Bxa7 Nb3 40. Bb6
Nd2+ 41. Ke2 Nc4 42. Bc7 b5 43. Kd3 Na3 44. Kd2 Nc4+ 45. Kc2 Ke6 46. Kb3 Kd7 47.
Bb8 Kc6 48. Kb4 Nd2 49. Bd6 Ne4 50. Be7 Nf2 51. Bg5 Nd3+ 52. Kb3 Ne1 53. Kb2
Nd3+ 54. Kc2 Nf2 55. Bh4 Ne4 56. Kd3 Kd7 57. Be1 Kc6 58. Bh4 Kd7 59. Be1 Kc6 60.
Ke3 Kb6 61. Kf3 Ka5 62. f5 Kb6 63. fxg6 fxg6 64. Kf4 Kc6 65. Ke3 Kd7 66. Kf4 Ke6
67. Kg4 Kf7 68. Kf4 Ke6 69. Kg4 Kf7 70. Kf4 g5+ 71. Kf5 g4 72. Kxg4 Kg6 73. Kf4
Kf7 74. Kf5 Ke7 75. Bh4+ Kd7 76. e6+ Kd6 77. e7 Kd7 78. Ke5 Nxc3 79. Bf6 Ke8 80.
Bg5 b4 81. Bc1 Kxe7 82. Kf4 Kd7 83. Ke3 Kc6 84. Kd3 Kb5 85. Bb2 Ne4 86. Bc1 Ka4
87. Kc2 b3+ 88. Kb2 Kb4 89. Be3 Kc4 90. Bg1 Nc3 91. Bh2 Na4+ 92. Ka3 b2 93. Ka2
Kc3 94. Kb1 Kb3 0-1

[Event "Women's Speed Chess Q2"]
[Site "chess.com INT"]
[Date "2020.06.19"]
[Round "11"]
[White "Petrova, Irina"]
[Black "Cagara, Paulina"]
[Result "1-0"]
[WhiteTitle "WIM"]
[WhiteElo "2087"]
[BlackElo "2054"]
[WhiteFideId "14124122"]
[BlackFideId "1124870"]
[EventDate "2020.06.19"]

1. d4 f5 2. Nc3 Nf6 3. Bg5 g6 4. Bxf6 exf6 5. e3 d5 6. Bd3 Bg7 7. Qf3 c6 8. Nge2
O-O 9. h3 b5 10. a3 Nd7 11. g4 fxg4 12. hxg4 Nb6 13. Qh3 h6 14. Bxg6 a5 15. Bd3
Be6 16. Nf4 Bf7 17. Nh5 Bxh5 18. Qxh5 Qe8 19. Qf5 Kf7 20. Qg6+ 1-0

[Event "Women's Speed Chess Q2"]
[Site "chess.com INT"]
[Date "2020.06.19"]
[Round "11"]
[White "Solozhenkina, Elizaveta"]
[Black "Koridze, Lile"]
[Result "1-0"]
[WhiteTitle "WIM"]
[BlackTitle "WFM"]
[WhiteElo "2301"]
[BlackElo "1996"]
[WhiteFideId "34106615"]
[BlackFideId "13612514"]
[EventDate "2020.06.19"]

1. e4 c5 2. Nf3 d6 3. d4 cxd4 4. Nxd4 Nf6 5. f3 Nc6 6. c4 g6 7. Nc3 Bg7 8. Be3
O-O 9. Be2 Nd7 10. O-O Nxd4 11. Bxd4 Nc5 12. Rc1 a6 13. Bxg7 Kxg7 14. Qd4+ Kg8
15. Rfd1 Bd7 16. b3 f5 17. e5 Ne6 18. Qd2 Qb6+ 19. Kh1 f4 20. exd6 exd6 21. Qxd6
Qe3 22. Qxd7 Rad8 23. Qe7 Rxd1+ 24. Rxd1 Rf7 25. Qd6 Ng5 26. Qd8+ Rf8 27. Qd4
Qe6 28. Qd5 1-0

[Event "Women's Speed Chess Q2"]
[Site "chess.com INT"]
[Date "2020.06.19"]
[Round "11"]
[White "Pham, Bich Ngoc"]
[Black "Zhao, Xue"]
[Result "0-1"]
[WhiteTitle "WIM"]
[BlackTitle "GM"]
[WhiteElo "2235"]
[BlackElo "2486"]
[WhiteFideId "12401285"]
[BlackFideId "8601283"]
[EventDate "2020.06.19"]

1. g3 d5 2. Bg2 Nf6 3. f4 c5 4. Nf3 Nc6 5. O-O g6 6. d3 Bg7 7. c3 O-O 8. Na3 Qc7
9. Qc2 e5 10. fxe5 Nxe5 11. Nxe5 Qxe5 12. Bf4 Qe7 13. Nb5 a6 14. Nc7 Ra7 15.
Nxd5 Nxd5 16. Bxd5 Bh3 17. Rf2 b5 18. e4 b4 19. Be3 Rd7 20. cxb4 Rxd5 21. Bxc5
Rxc5 22. bxc5 Bd4 23. Rc1 Rc8 24. b4 Qf6 25. Qe2 h5 26. Rc2 Bxf2+ 27. Qxf2 Qa1+ 0-1

[Event "Women's Speed Chess Q2"]
[Site "chess.com INT"]
[Date "2020.06.19"]
[Round "11"]
[White "Kaya, Emel"]
[Black "Franco Valencia, Angela"]
[Result "1-0"]
[WhiteTitle "WCM"]
[BlackTitle "WIM"]
[WhiteElo "1912"]
[BlackElo "2089"]
[WhiteFideId "6306411"]
[BlackFideId "4403070"]
[EventDate "2020.06.19"]

1. e4 e5 2. Nf3 Nc6 3. Bc4 Bc5 4. c3 Nf6 5. d4 exd4 6. e5 d5 7. Bb5 Ne4 8. cxd4
Bb6 9. Nc3 O-O 10. Be3 Bg4 11. Be2 Ba5 12. Qc2 f6 13. O-O fxe5 14. Nxd5 exd4 15.
Qxe4 Bxf3 16. Bxf3 dxe3 17. Nxe3 Kh8 18. Rad1 Qg5 19. Rd5 Qh6 20. Rh5 Qxh5 21.
Bxh5 Bb6 22. Rd1 g6 23. Bxg6 hxg6 24. Qxg6 Bd4 25. Nf5 Rad8 26. Rxd4 Rxd4 27.
Qg7# 1-0

[Event "Women's Speed Chess Q2"]
[Site "chess.com INT"]
[Date "2020.06.19"]
[Round "11"]
[White "Sakorenko, Adriana"]
[Black "Kiran, Manisha Mohanty"]
[Result "0-1"]
[WhiteTitle "WFM"]
[BlackTitle "WGM"]
[WhiteElo "2216"]
[BlackElo "2168"]
[WhiteFideId "34130249"]
[BlackFideId "5019575"]
[EventDate "2020.06.19"]

1. Nf3 c5 2. e3 Nc6 3. b3 g6 4. Bb2 Nf6 5. Be2 Bg7 6. O-O O-O 7. c4 d6 8. Nc3 e5
9. d3 Ne8 10. Nd5 Nc7 11. Nd2 Nxd5 12. cxd5 Ne7 13. e4 f5 14. Qc2 f4 15. a4 a5
16. Nc4 g5 17. f3 h5 18. h3 Ng6 19. Bc3 g4 20. fxg4 hxg4 21. hxg4 Bf6 22. Bf3
Bh4 23. Qd2 Bg3 24. Rfb1 Qh4 25. Qd1 Rf6 26. Be1 Nh8 27. Kf1 Nf7 28. Nb6 Bxg4
29. Bxg4 Qh1+ 30. Ke2 Qxg2+ 0-1